[Event "8 Player Open 4"]
[Site "SchemingMind.com"]
[Date "2014.06.20"]
[Round "-"]
[White "im_cincinnati_kid37"]
[Black "Transcendent"]
[Result "1-0"]
[WhiteCountry "USA"]
[BlackCountry "ENG"]
[WhiteElo "1302"]
[WhiteRD "63"]
[BlackElo "1627"]
[BlackRD "65"]
[GameID "360241"]

1. e4 e6 2. d4 d5 3. Nc3 Bb4 4. e5 c5 5. Be3 Bxc3+ 6. bxc3 c4 7. Nf3 Ne7 8. g3 O-O 9. Bg2 Nbc6 10. O-O Bd7
11. Bc1 b5 12. a3 a5 13. Rb1 Rb8 14. Bg5 h6 15. Bf4 b4 16. cxb4 axb4 17. axb4 Nxb4 18. c3 Nd3 19. Be3 Nf5 20. Bh3 f6
21. exf6 Qxf6 22. Rxb8
1-0

[Event "8 Player Open 4"]
[Site "SchemingMind.com"]
[Date "2014.06.20"]
[Round "-"]
[White "Transcendent"]
[Black "im_cincinnati_kid37"]
[Result "0-1"]
[WhiteCountry "ENG"]
[BlackCountry "USA"]
[WhiteElo "1627"]
[WhiteRD "65"]
[BlackElo "1302"]
[BlackRD "63"]
[GameID "360242"]

1. e4 e5 2. Nf3 Nc6 3. Bb5 d6 4. Nc3 Nf6 5. h3 Bd7 6. O-O g6 7. d3 Bg7 8. Be3 O-O 9. Ne1 a6 10. Ba4 b5
11. Bb3 h5 12. f4 exf4 13. Bxf4 Re8 14. Nf3 Be6 15. d4 Bxb3 16. axb3 Nxe4 17. Nxe4 Rxe4 18. d5 Rxf4 19. dxc6 Bxb2 20. Ra2 Bg7
21. Qd5 Rf5 22. Qe4 Kf8
0-1

[Event "8 Player Open 4"]
[Site "SchemingMind.com"]
[Date "2014.06.21"]
[Round "-"]
[White "im_cincinnati_kid37"]
[Black "alexyongpohweng"]
[Result "1-0"]
[WhiteCountry "USA"]
[BlackCountry "MAS"]
[WhiteElo "1319"]
[WhiteRD "63"]
[BlackElo "1240"]
[BlackRD "45"]
[GameID "360245"]

1. e4 e5 2. Bc4 Nf6 3. Nc3 Be7 4. Nf3 d6 5. Ng5 O-O 6. Nf3 c6 7. h3 b5 8. Be2 b4 9. Nb1 Nxe4 10. d3 Nf6
11. O-O Bb7 12. Bd2 a5 13. a3 c5 14. axb4 axb4 15. Rxa8 Bxa8 16. c3 Bxf3 17. Bxf3 bxc3 18. Bxc3 Na6 19. Qa4 Nb4 20. Bxb4 cxb4
21. Qxb4 d5 22. Qb3 d4 23. Nd2 h6 24. Nc4 Qc8 25. Nxe5 Nd7 26. Nxf7 Rxf7 27. Bd5 Qf8 28. Bxf7+ Qxf7 29. Qb7 Qe8 30. Qd5+ Kh8
31. Re1 Qf8 32. Qxd7 Bf6 33. Re8
1-0

[Event "8 Player Open 4"]
[Site "SchemingMind.com"]
[Date "2014.06.20"]
[Round "-"]
[White "alexyongpohweng"]
[Black "im_cincinnati_kid37"]
[Result "0-1"]
[WhiteCountry "MAS"]
[BlackCountry "USA"]
[WhiteElo "1240"]
[WhiteRD "45"]
[BlackElo "1319"]
[BlackRD "63"]
[GameID "360246"]

1. e4 e5 2. Qh5 Bd6 3. Bc4 Nh6 4. d3 g6 5. Qxh6 Qf6 6. Qe3 Bf8 7. Nf3 h6 8. O-O Bg7 9. c3 d6 10. a3 b6
11. Bd5 c6 12. Ba2 O-O 13. Bd2 Ba6 14. b4 Nd7 15. c4 Rac8 16. a4 b5 17. axb5 cxb5 18. c5 dxc5 19. bxc5 Nxc5 20. Ne1 Rc7
21. Bb4 Rfc8 22. Bxc5 Rxc5 23. Bb3 Bf8 24. Nf3 Kh7 25. Na3 R8c7 26. Nb1 R5c6 27. Nbd2 b4 28. Nc4 Bc5 29. Qe2 Bxc4 30. dxc4 Rd6
31. Rac1 Qd8 32. Rfd1 Rcd7 33. Rxd6 Rxd6 34. Nxe5 Kg7 35. g3 Rd2 36. Qg4 Rxf2 37. Kh1 Qf6 38. Nd3 Rf1+
0-1

[Event "8 Player Open 4"]
[Site "SchemingMind.com"]
[Date "2014.06.20"]
[Round "-"]
[White "alexyongpohweng"]
[Black "Transcendent"]
[Result "0-1"]
[WhiteCountry "MAS"]
[BlackCountry "ENG"]
[WhiteElo "1148"]
[WhiteRD "51"]
[BlackElo "1614"]
[BlackRD "67"]
[GameID "360247"]

1. e4 c5 2. d4 cxd4 3. Qxd4 Nc6 4. Qd1 g6 5. Bf4 Bg7 6. c3 d6 7. Nd2 Nf6 8. Bb5 O-O 9. Bxc6 bxc6 10. Ngf3 Ba6
11. c4 d5 12. b3 dxe4 13. Ng1 Nh5 14. Be3 Bxa1 15. Qxa1 f5 16. f3 f4 17. Bd4 e3 18. Nb1 Qa5+ 19. Bc3 Qf5 20. Ke2 Qc2+
0-1

[Event "8 Player Open 4"]
[Site "SchemingMind.com"]
[Date "2014.06.21"]
[Round "-"]
[White "Transcendent"]
[Black "alexyongpohweng"]
[Result "1-0"]
[WhiteCountry "ENG"]
[BlackCountry "MAS"]
[WhiteElo "1614"]
[WhiteRD "67"]
[BlackElo "1148"]
[BlackRD "51"]
[GameID "360248"]

1. d4 d5 2. c4 dxc4 3. e3 Nf6 4. Nf3 g6 5. Bxc4 Bg7 6. Nc3 O-O 7. O-O c6 8. Re1 b5 9. Bf1 a6 10. Bd3 Bg4
11. h3 Bxf3 12. Qxf3 b4 13. Na4 Qd6 14. Bd2 a5 15. Rac1 Nbd7 16. Nc5 Nxc5 17. Rxc5 Nd7 18. Rc2 Nb8 19. Rec1 Nd7 20. Rxc6
1-0

[Event "8 Player Open 4"]
[Site "SchemingMind.com"]
[Date "2014.06.22"]
[Round "-"]
[White "im_cincinnati_kid37"]
[Black "emvarela"]
[Result "0-1"]
[WhiteCountry "USA"]
[BlackCountry "ARG"]
[WhiteElo "1302"]
[WhiteRD "63"]
[BlackElo "1677"]
[BlackRD "48"]
[GameID "360289"]

1. e4 e5 2. Nf3 Nc6 3. Bb5 f5 4. Nc3 Nf6 5. exf5 d6 6. d3 Bxf5 7. Bg5 Be7 8. O-O O-O 9. Bxf6 Bxf6 10. Nd5 Ne7
11. Nxe7+ Qxe7 12. Bc4+ Be6 13. Bxe6+ Qxe6 14. Re1 c5 15. c3 Rae8 16. Nd2 b5 17. h3 d5 18. b3 Qf5 19. d4 exd4 20. cxd4 Bxd4
21. Rb1 Rxe1+ 22. Qxe1 Bxf2+ 23. Qxf2 Qxf2+ 24. Kh2 Qxd2
0-1

[Event "8 Player Open 4"]
[Site "SchemingMind.com"]
[Date "2014.06.23"]
[Round "-"]
[White "emvarela"]
[Black "im_cincinnati_kid37"]
[Result "1-0"]
[WhiteCountry "ARG"]
[BlackCountry "USA"]
[WhiteElo "1633"]
[WhiteRD "47"]
[BlackElo "1303"]
[BlackRD "66"]
[GameID "360290"]

1. e4 e5 2. Nf3 Nc6 3. Bb5 g6 4. O-O Nf6 5. Bxc6 dxc6 6. Nxe5 Bg7 7. Qf3 O-O 8. d3 Re8 9. Nc4 b6 10. Bg5 Qd4
11. c3 Qc5 12. Nbd2 Qxg5 13. Qe3 Qxe3 14. Nxe3 Bh6 15. h3 Bxe3 16. fxe3 Ba6 17. c4 Nd7 18. b4 c5 19. b5 Bb7 20. Nf3 Ne5
21. Nxe5 Rxe5 22. a4 Rae8 23. a5 bxa5 24. Rxa5 Ra8 25. Rfa1 a6 26. bxa6 Bxe4 27. d4 Re6 28. d5 Re5 29. Rxc5 c6 30. Rxc6 Kf8
31. a7 Re7 32. Rca6 Bd3 33. d6 Rd7 34. R1a4 Ke8 35. Rc6 Kd8 36. c5 Bb5 37. Rb6 Bxa4 38. Rb8+ Rxb8 39. axb8=Q#
1-0

[Event "8 Player Open 4"]
[Site "SchemingMind.com"]
[Date "2014.06.23"]
[Round "-"]
[White "emvarela"]
[Black "alexyongpohweng"]
[Result "1-0"]
[WhiteCountry "ARG"]
[BlackCountry "MAS"]
[WhiteElo "1633"]
[WhiteRD "47"]
[BlackElo "1148"]
[BlackRD "51"]
[GameID "360292"]

1. e4 e5 2. Nf3 d6 3. d4 exd4 4. Nxd4 Nf6 5. Nc3 Be7 6. Bc4 O-O 7. O-O c6 8. Be3 b5 9. Bxb5 cxb5 10. Ndxb5 Nc6
11. a4
1-0

[Event "8 Player Open 4"]
[Site "SchemingMind.com"]
[Date "2014.06.24"]
[Round "-"]
[White "emvarela"]
[Black "Transcendent"]
[Result "1-0"]
[WhiteCountry "ARG"]
[BlackCountry "ENG"]
[WhiteElo "1627"]
[WhiteRD "46"]
[BlackElo "1570"]
[BlackRD "63"]
[GameID "360293"]

1. e4 e6 2. d4 d5 3. Nc3 Bb4 4. e5 c5 5. a3 Bxc3+ 6. bxc3 Ne7 7. Nf3 Nbc6 8. a4 O-O 9. Ba3 b6 10. dxc5 bxc5
11. Bxc5 Re8 12. Bxe7 Qxe7 13. Nd4 Nxe5 14. Bb5 Bd7 15. Bxd7 Qxd7 16. O-O Rac8 17. f4 Nc4 18. Qd3 Rb8 19. Rab1 Qxa4 20. Ra1 Qd7
21. Rfb1 Rb2 22. Rxb2 Nxb2 23. Qb5 Qxb5 24. Nxb5 h6 25. Rxa7 Nd1 26. Nd6 Rf8 27. g3
1-0

[Event "8 Player Open 4"]
[Site "SchemingMind.com"]
[Date "2014.06.22"]
[Round "-"]
[White "Transcendent"]
[Black "emvarela"]
[Result "0-1"]
[WhiteCountry "ENG"]
[BlackCountry "ARG"]
[WhiteElo "1570"]
[WhiteRD "63"]
[BlackElo "1627"]
[BlackRD "46"]
[GameID "360294"]

1. d4 Nf6 2. c4 e6 3. g3 Bb4+ 4. Bd2 Bxd2+ 5. Nxd2 O-O 6. Bg2 d5 7. Ngf3 dxc4 8. Nxc4 c6 9. O-O Nbd7 10. Qc2 Nb6
11. Rac1 Nxc4 12. Qxc4 Bd7 13. Ne5 Qb6 14. b3 Rfd8 15. Qc5 Qa6 16. e3 Qb6 17. h3 Nd5 18. Bxd5 Qxc5 19. Rxc5 exd5 20. Rfc1 f6
21. Nd3 Bxh3 22. Kh2 Bf5 23. Nb2 g5 24. Nd1 h5 25. a4 Be4 26. Nc3 Kf7 27. Nxe4 dxe4
0-1

[Event "8 Player Open 4"]
[Site "SchemingMind.com"]
[Date "2014.06.22"]
[Round "-"]
[White "im_cincinnati_kid37"]
[Black "ray winteringham"]
[Result "1-0"]
[WhiteCountry "USA"]
[BlackCountry "ENG"]
[WhiteElo "1319"]
[WhiteRD "63"]
[BlackElo "1489"]
[BlackRD "52"]
[GameID "360308"]

1. e4 e5 2. Bc4 Nf6 3. Nf3 Nc6 4. Ng5 d5 5. exd5 Nxd5 6. Bxd5 Qxd5 7. O-O Bf5 8. d3 Be7 9. Nf3 O-O 10. Nc3 Qe6
11. Bg5 f6 12. Bd2 a6 13. Re1 Qf7 14. h3 Nd8 15. b3 b5 16. a3 Nb7 17. b4 Qg6 18. Nh4 Qf7 19. Nxf5 c6 20. Be3 Nd6
21. Nxe7+ Qxe7 22. Bc5 Rad8 23. Ne4 Qc7 24. Nxd6 Rxd6 25. Bxd6 Qxd6 26. c3 c5 27. Qd2 c4 28. Re3 f5 29. f4 exf4 30. Rf3 Rd8
31. Rd1 g5 32. d4 Kh8 33. Re1 h5 34. h4 gxh4 35. Qxf4
1-0

[Event "8 Player Open 4"]
[Site "SchemingMind.com"]
[Date "2014.06.22"]
[Round "-"]
[White "ray winteringham"]
[Black "im_cincinnati_kid37"]
[Result "1-0"]
[WhiteCountry "ENG"]
[BlackCountry "USA"]
[WhiteElo "1516"]
[WhiteRD "51"]
[BlackElo "1302"]
[BlackRD "63"]
[GameID "360309"]

1. e4 e5 2. Nf3 d5 3. exd5 e4 4. Qe2 Nf6 5. d3 Qxd5 6. Nc3 Qc6 7. Nxe4 Nxe4 8. Qxe4+ Qxe4+ 9. dxe4 g6 10. Bc4 Bg7
11. c3 O-O 12. Bf4 c6 13. O-O Nd7 14. Rac1 Nc5 15. Nd2 Bd7 16. Rcd1 b5 17. Bb3 Nd3 18. Be3 Nxb2 19. Rb1 Nd3 20. f3 Bxc3
21. Rfd1 Ne5 22. Nf1 Bb4 23. f4 Ng4 24. Rxd7 Nxe3 25. Nxe3 Bc5 26. Kf2 a5 27. Rbd1 a4 28. Bc2 Bb6 29. Kf3 Kg7 30. Ng4 Ba5
31. Ne5 Rac8 32. R1d6 Bc7 33. Rxc6 Bxe5 34. Rxc8 Rxc8 35. Bxa4 bxa4 36. fxe5 Re8 37. Kf4 h6 38. g4 Kf8 39. Ra7 Rc8 40. Rxa4 Rc1
41. Kg3 g5 42. Rd4 Ke7 43. a4 Rc5 44. Rd5 Rc4 45. a5 Rxe4 46. Kf3 Ra4 47. Rb5 Ke6 48. h3 f6 49. exf6 Kxf6 50. Rb6+ Kg7
51. a6 Kf8 52. Rxh6 Ke8 53. Rb6 Kd8 54. Rg6 Kc8 55. Rxg5 Rxa6 56. Re5 Ra3+ 57. Re3 Ra1 58. Kg3 Kd8 59. Kh4 Ra6 60. g5 Rg6
61. Kg4 Kd7 62. h4 Rg7 63. h5 Kd8 64. h6 Rg6 65. Kh5 Rg8 66. g6 Re8 67. Rxe8+ Kxe8 68. h7 Kf8 69. h8=Q+ Ke7 70. g7 Ke6
71. g8=Q+ Kd6 72. Qd4+ Kc6 73. Qgc4+ Kb7 74. Qb2+ Ka7 75. Qa4#
1-0

[Event "8 Player Open 4"]
[Site "SchemingMind.com"]
[Date "2014.06.22"]
[Round "-"]
[White "alexyongpohweng"]
[Black "ray winteringham"]
[Result "0-1"]
[WhiteCountry "MAS"]
[BlackCountry "ENG"]
[WhiteElo "1203"]
[WhiteRD "51"]
[BlackElo "1516"]
[BlackRD "51"]
[GameID "360310"]

1. e4 e5 2. Qh5 Qf6 3. Nf3 g6 4. Qxe5+ Qxe5 5. Nxe5 Bg7 6. d4 d6 7. Nf3 Nf6 8. Nc3 O-O 9. Be2 b6 10. O-O Bb7
11. d5 Nbd7 12. Bg5 c6 13. Bxf6 Bxf6 14. Rac1 Bxc3 15. bxc3 c5 16. c4 Nf6 17. a3 Nxe4 18. Bd3 Nf6 19. c3 Rae8 20. Rfe1 Nxd5
21. Rxe8 Rxe8 22. cxd5 Bxd5 23. c4 Bxf3 24. gxf3 Kg7 25. Be4 f5 26. Bc6 Re2 27. Kf1 Ra2 28. Rc3 Kf6 29. Kg2 h5 30. Bb5 h4
31. Rd3 Ke5 32. Re3+ Kf6 33. Re8 Rxa3 34. Rf8+ Kg7 35. Re8 Kf7 36. Rc8 g5 37. Rc7+ Ke6 38. Rg7 Kf6 39. Rg8 a6 40. Bd7 Rb3
41. Rb8 Ke5 42. Re8+ Kd4 43. Bxf5 b5 44. cxb5 axb5 45. Re4+ Kc3 46. Re3+ Kb4 47. Rxb3+ Kxb3 48. Kh3 Kc3 49. Kg4 c4 50. Kxg5 Kd2
51. Kxh4 b4 52. Kg4 b3 53. h4 c3
0-1

[Event "8 Player Open 4"]
[Site "SchemingMind.com"]
[Date "2014.06.22"]
[Round "-"]
[White "ray winteringham"]
[Black "alexyongpohweng"]
[Result "1-0"]
[WhiteCountry "ENG"]
[BlackCountry "MAS"]
[WhiteElo "1489"]
[WhiteRD "52"]
[BlackElo "1240"]
[BlackRD "45"]
[GameID "360311"]

1. e4 e5 2. Nf3 d6 3. Bc4 Bg4 4. O-O Bxf3 5. Qxf3 Nf6 6. Nc3 Nc6 7. Nd5 Nd4 8. Qd3 Nxd5 9. Bxd5 c6 10. Bb3 Nxb3
11. axb3 Be7 12. Qe3 O-O 13. Re1 d5 14. exd5 Re8 15. dxc6 bxc6 16. d3 Bf6 17. Rxa7 Rxa7 18. Qxa7 Re7 19. Qc5 Rc7 20. b4 Qd5
21. Qb6 Rd7 22. c4 Qxd3 23. Qxc6 Rd8 24. h3 Qd7 25. Qxd7 Rxd7 26. Be3 Rc7 27. Bc5 e4 28. Rxe4 Bxb2 29. Re8#
1-0

[Event "8 Player Open 4"]
[Site "SchemingMind.com"]
[Date "2014.06.23"]
[Round "-"]
[White "emvarela"]
[Black "ray winteringham"]
[Result "1-0"]
[WhiteCountry "ARG"]
[BlackCountry "ENG"]
[WhiteElo "1677"]
[WhiteRD "48"]
[BlackElo "1516"]
[BlackRD "51"]
[GameID "360312"]

1. e4 e5 2. Nf3 Nc6 3. Bb5 Bd6 4. Bxc6 bxc6 5. O-O Bb7 6. d4 Qe7 7. dxe5 Bxe5 8. Nxe5 Qxe5 9. Nc3 Nf6 10. Qf3 O-O
11. Bf4 Qa5 12. e5 Nd5 13. Nxd5 cxd5 14. Rfd1 Qb6 15. Qb3 Qc6 16. Rd4 Rab8 17. Rad1 h6 18. c4 dxc4 19. Qg3 Rbd8 20. e6 fxe6
21. Bxc7 Rc8 22. Rxd7 Qa4 23. Qxg7#
1-0

[Event "8 Player Open 4"]
[Site "SchemingMind.com"]
[Date "2014.06.22"]
[Round "-"]
[White "ray winteringham"]
[Black "emvarela"]
[Result "1-0"]
[WhiteCountry "ENG"]
[BlackCountry "ARG"]
[WhiteElo "1516"]
[WhiteRD "51"]
[BlackElo "1677"]
[BlackRD "48"]
[GameID "360313"]

1. e4 e5 2. Nf3 Nc6 3. Bb5 a6 4. Bc4 h6 5. O-O Nf6 6. d3 Bc5 7. Nc3 O-O 8. h3 d6 9. Be3 Bxe3 10. fxe3 Be6
11. Bb3 Bxb3 12. cxb3 b5 13. d4 Re8 14. d5 Ne7 15. a4 c5 16. Qe2 b4 17. Nd1
1-0

[Event "8 Player Open 4"]
[Site "SchemingMind.com"]
[Date "2014.06.22"]
[Round "-"]
[White "Transcendent"]
[Black "ray winteringham"]
[Result "0-1"]
[WhiteCountry "ENG"]
[BlackCountry "ENG"]
[WhiteElo "1627"]
[WhiteRD "65"]
[BlackElo "1516"]
[BlackRD "51"]
[GameID "360314"]

1. d4 d5 2. c4 e6 3. Nf3 Nf6 4. g3 c6 5. Bg2 dxc4 6. O-O b5 7. a4 a6 8. axb5 cxb5 9. Ne5 Nd5 10. Nc3 Bb7
11. e4 Nf6 12. Bg5 h6 13. Be3 Bd6 14. f4 O-O 15. d5 exd5 16. Nxd5 Bxe5 17. Nxf6+ Bxf6 18. Bc5 Re8 19. Qc2 Nc6
0-1

[Event "8 Player Open 4"]
[Site "SchemingMind.com"]
[Date "2014.06.22"]
[Round "-"]
[White "ray winteringham"]
[Black "Transcendent"]
[Result "1-0"]
[WhiteCountry "ENG"]
[BlackCountry "ENG"]
[WhiteElo "1516"]
[WhiteRD "51"]
[BlackElo "1627"]
[BlackRD "65"]
[GameID "360315"]

1. e4 e6 2. d4 d5 3. Bd3 Nf6 4. e5 Nfd7 5. Nf3 c5 6. Be3 Nc6 7. c3 Qb6 8. Qc2 c4 9. Be2 Be7 10. O-O O-O
11. Nbd2 f6 12. Bf4 fxe5 13. dxe5 Rxf4 14. g3 Rf7 15. b4 Ncxe5 16. a4 Nxf3+ 17. Nxf3 Bd6 18. Ng5 Rf6 19. Qxh7+ Kf8 20. Qh8+
1-0

[Event "8 Player Open 4"]
[Site "SchemingMind.com"]
[Date "2014.06.23"]
[Round "-"]
[White "im_cincinnati_kid37"]
[Black "kenneth m day"]
[Result "0-1"]
[WhiteCountry "USA"]
[BlackCountry "USA"]
[WhiteElo "1302"]
[WhiteRD "63"]
[BlackElo "1754"]
[BlackRD "50"]
[GameID "360351"]

1. e4 Nf6 2. e5 Nd5 3. d4 d6 4. c4 Nb6 5. f4 g6 6. h4 Bg7 7. Nf3 Bg4 8. Be2 Nc6 9. d5 Nb8 10. Bd2 O-O
11. Bc3 N8d7 12. Nbd2 h5 13. O-O dxe5 14. fxe5 Bxf3 15. Nxf3 e6 16. Bb4 Re8 17. d6 Nxe5 18. c5 Nd5 19. a3 a5 20. Nxe5 Bxe5
21. Bd2 cxd6 22. cxd6 Qxd6 23. Rb1 Qc5+ 24. Kh1 Bg3 25. Rf3 Bxh4 26. Be3 Nxe3 27. Rc1 Qe5 28. Qd3 Ng4 29. Kg1 Qh2+ 30. Kf1 Qh1#
0-1

[Event "8 Player Open 4"]
[Site "SchemingMind.com"]
[Date "2014.06.23"]
[Round "-"]
[White "kenneth m day"]
[Black "im_cincinnati_kid37"]
[Result "1-0"]
[WhiteCountry "USA"]
[BlackCountry "USA"]
[WhiteElo "1708"]
[WhiteRD "50"]
[BlackElo "1303"]
[BlackRD "66"]
[GameID "360352"]

1. e4 e5 2. f4 exf4 3. Nf3 g5 4. Nc3 Nc6 5. g3 fxg3 6. hxg3 f6 7. Bc4 Nge7 8. d4 d6 9. Be3 Bg4 10. Qe2 Nb4
11. O-O-O c6 12. a3 Na6 13. Rdf1 Nc7 14. Qf2 d5 15. exd5 cxd5 16. Bb3 Bxf3 17. Qxf3 Qd6 18. Ba4+ Kd8 19. Qxf6 Qxf6 20. Rxf6 Bg7
21. Rd6+ Kc8 22. Bxg5 a6 23. Bxe7 Bxd4 24. Bd7+ Kb8 25. Nxd5 Bc5 26. Nxc7 Kxc7 27. Rdh6 Be3+ 28. Kb1 Bxh6 29. Rxh6 Kxd7 30. Bf6 Rhf8
31. Rxh7+ Kc6 32. Rh6 Rf7 33. Be5+ Kd5 34. Bf4 Ke4 35. Rh4 Kf3 36. Rh6 b5 37. c3 Ke2 38. Kc2 a5 39. Rh2+ Kf3 40. Rh5 Re8
41. Rxb5 Re2+ 42. Kb3 Rfe7 43. Rxa5 Rb7+ 44. Kc4 Rexb2 45. Kd3 Rd7+ 46. Kc4 Rc7+ 47. Kd4 Rb1 48. Bxc7
1-0

[Event "8 Player Open 4"]
[Site "SchemingMind.com"]
[Date "2014.06.23"]
[Round "-"]
[White "alexyongpohweng"]
[Black "kenneth m day"]
[Result "0-1"]
[WhiteCountry "MAS"]
[BlackCountry "USA"]
[WhiteElo "1203"]
[WhiteRD "51"]
[BlackElo "1754"]
[BlackRD "50"]
[GameID "360353"]

1. e4 Nf6 2. e5 Nd5 3. Nf3 c5 4. Nc3 Nb6 5. Bb5 Nc6 6. Bxc6 dxc6 7. O-O Bg4 8. d3 e6 9. h3 Bh5 10. Bg5 Be7
11. Bxe7 Qxe7 12. g4 Bg6 13. a3 Nd5 14. Nxd5 cxd5 15. Rb1 O-O 16. g5 Bh5 17. Kg2 Bxf3+ 18. Qxf3 Qxg5+ 19. Qg3 Qh5 20. f3 f6
21. exf6 Rxf6 22. Qh2 Rg6+ 23. Kf2 Rf8 24. Qh1 Qg5 25. Rg1 Qd2+ 26. Kf1 Rxg1+ 27. Qxg1 Rxf3+
0-1

[Event "8 Player Open 4"]
[Site "SchemingMind.com"]
[Date "2014.06.23"]
[Round "-"]
[White "emvarela"]
[Black "kenneth m day"]
[Result "0-1"]
[WhiteCountry "ARG"]
[BlackCountry "USA"]
[WhiteElo "1627"]
[WhiteRD "46"]
[BlackElo "1669"]
[BlackRD "52"]
[GameID "360355"]

1. e4 e5 2. Nf3 d6 3. d4 exd4 4. c3 Nf6 5. Bg5 Be7 6. cxd4 Nxe4 7. Bxe7 Qxe7 8. Be2 Bf5 9. Nbd2 Nc6 10. Nxe4 Qxe4
11. O-O O-O-O 12. d5 Ne5 13. Nxe5 dxe5 14. Bf3 Qc4 15. b3 Qd3 16. Qxd3 Bxd3 17. Rfd1 Bb5 18. a4 Bd7 19. h3 Rhe8 20. b4 e4
21. Be2 f5 22. b5 Re5 23. Rd4 Be8 24. g4 Rexd5 25. Rxd5 Rxd5 26. gxf5 Bd7 27. Rd1 Rxd1+ 28. Bxd1 Bxf5 29. Kg2 Kd7 30. Kg3 Kd6
31. Kf4 Bxh3 32. Kxe4 Bg2+ 33. Kd4 g6 34. f4 h5 35. f5 gxf5 36. Bxh5 f4
0-1

[Event "8 Player Open 4"]
[Site "SchemingMind.com"]
[Date "2014.06.22"]
[Round "-"]
[White "kenneth m day"]
[Black "emvarela"]
[Result "0-1"]
[WhiteCountry "USA"]
[BlackCountry "ARG"]
[WhiteElo "1669"]
[WhiteRD "52"]
[BlackElo "1627"]
[BlackRD "46"]
[GameID "360356"]

1. e4 e5 2. f4 exf4 3. Nf3 Qe7 4. Nc3 Nf6 5. e5 Ng4 6. d4 d6 7. Bxf4 dxe5 8. dxe5 Qb4 9. Bd2 Qxb2 10. Rb1 Qa3
11. Rb3 Qc5 12. Ne4 Qd5 13. Bd3 Bc5 14. Nxc5 Qxc5 15. Qe2 Be6 16. Bb4 Qd5 17. O-O Nc6 18. Bc3 Qc5+ 19. Kh1 Bxb3 20. axb3 Qxc3
21. Bf5 Ne3 22. Re1 Nxf5 23. e6 f6 24. Rd1 O-O 25. Qe4 Nfe7 26. h4 Rad8
0-1

[Event "8 Player Open 4"]
[Site "SchemingMind.com"]
[Date "2014.06.24"]
[Round "-"]
[White "Transcendent"]
[Black "kenneth m day"]
[Result "0-1"]
[WhiteCountry "ENG"]
[BlackCountry "USA"]
[WhiteElo "1570"]
[WhiteRD "63"]
[BlackElo "1669"]
[BlackRD "52"]
[GameID "360357"]

1. d4 Nf6 2. c4 c5 3. d5 e6 4. Nc3 exd5 5. cxd5 d6 6. g3 g6 7. Bg2 Bg7 8. Nf3 O-O 9. O-O b6 10. e4 Re8
11. Nd2 Ba6 12. Re1 Nbd7 13. f4 Nh5 14. Qc2 Bd4+ 15. Kh1 Nxg3+ 16. hxg3 Re7 17. Nf3 Bf6 18. b3 Qf8 19. Bb2 Rc8 20. Qd2 Qh6+
21. Kg1 Rce8 22. Kf2 Qg7 23. Rac1 c4 24. Na4 b5 25. Bxf6 Qxf6 26. Nb2 cxb3
0-1

[Event "8 Player Open 4"]
[Site "SchemingMind.com"]
[Date "2014.06.24"]
[Round "-"]
[White "kenneth m day"]
[Black "Transcendent"]
[Result "1-0"]
[WhiteCountry "USA"]
[BlackCountry "ENG"]
[WhiteElo "1754"]
[WhiteRD "50"]
[BlackElo "1627"]
[BlackRD "65"]
[GameID "360358"]

1. e4 c6 2. c4 d5 3. cxd5 cxd5 4. exd5 Nf6 5. d4 Nxd5 6. Bc4 Nc6 7. Nc3 Nxc3 8. bxc3 e6 9. Nf3 Be7 10. O-O O-O
11. Rb1 Qc7 12. Qe2 a6 13. Qe4 b5 14. Bd3 g6 15. Bh6 Rd8 16. Rfe1 Bf8 17. Qh4 Qe7 18. Bg5 f6 19. Bxf6
1-0

[Event "8 Player Open 4"]
[Site "SchemingMind.com"]
[Date "2014.06.22"]
[Round "-"]
[White "kenneth m day"]
[Black "ray winteringham"]
[Result "1-0"]
[WhiteCountry "USA"]
[BlackCountry "ENG"]
[WhiteElo "1741"]
[WhiteRD "52"]
[BlackElo "1489"]
[BlackRD "52"]
[GameID "360359"]

1. e4 e5 2. f4 exf4 3. Nf3 Nf6 4. e5 Ng4 5. h3 Nxe5 6. Qe2 Qe7 7. Qxe5 Nc6 8. Qxe7+ Bxe7 9. d3 Nb4 10. Na3 O-O
11. Bxf4 c6 12. c3 Nd5 13. Bd2 Re8 14. O-O-O Bxa3 15. bxa3 b5 16. g4 Bb7 17. Bg2 Nb6 18. Rde1 Red8 19. Bg5 f6 20. Bf4 Nd5
21. Bd2 Re8 22. Nd4 c5 23. Nxb5 Rab8 24. Nd6 Red8 25. Nxb7 Rxb7 26. Bxd5+
1-0

[Event "8 Player Open 4"]
[Site "SchemingMind.com"]
[Date "2014.06.22"]
[Round "-"]
[White "ray winteringham"]
[Black "kenneth m day"]
[Result "0-1"]
[WhiteCountry "ENG"]
[BlackCountry "USA"]
[WhiteElo "1489"]
[WhiteRD "52"]
[BlackElo "1741"]
[BlackRD "52"]
[GameID "360360"]

1. e4 Nf6 2. Nc3 e5 3. Bc4 Nxe4 4. Nxe4 d5 5. Bxd5 Qxd5 6. Qf3 Be6 7. Nh3 h6 8. O-O Nc6 9. d3 O-O-O 10. Be3 Be7
11. Qe2 f5 12. Nc3 Qd7 13. Na4 f4 14. Bc5 Bf6 15. a3 g5 16. Kh1 g4 17. Ng1 h5 18. g3 h4 19. gxf4 exf4 20. Nc3 g3
21. fxg3 hxg3 22. Nf3 Bg4 23. Qg2 Bh3 24. Qg1 Bxf1 25. Rxf1 Ne5 26. Nxe5 Bxe5 27. Ne4 Rxh2+
0-1

[Event "8 Player Open 4"]
[Site "SchemingMind.com"]
[Date "2014.06.24"]
[Round "-"]
[White "im_cincinnati_kid37"]
[Black "William Lindberg"]
[Result "0-1"]
[WhiteCountry "USA"]
[BlackCountry "USA"]
[WhiteElo "1319"]
[WhiteRD "63"]
[BlackElo "1823"]
[BlackRD "118"]
[GameID "360381"]

1. e4 e5 2. Nf3 Nc6 3. Bb5 Nf6 4. d4 Nxd4 5. Nxd4 c6 6. Bc4 exd4 7. e5 Qa5+ 8. Bd2 Qxe5+ 9. Be2 d5 10. Qc1 Bd6
11. Bf4 Qxf4 12. Qxf4 Bxf4 13. g3 Bc1 14. Nd2 Bxb2 15. Rb1 Bc3 16. Rd1 Ne4
0-1

[Event "8 Player Open 4"]
[Site "SchemingMind.com"]
[Date "2014.06.24"]
[Round "-"]
[White "William Lindberg"]
[Black "im_cincinnati_kid37"]
[Result "1-0"]
[WhiteCountry "USA"]
[BlackCountry "USA"]
[WhiteElo "1823"]
[WhiteRD "118"]
[BlackElo "1319"]
[BlackRD "63"]
[GameID "360382"]

1. e4 e5 2. Nf3 d6 3. Nc3 Bg4 4. Be2 g6 5. O-O Bg7 6. d3 Nf6 7. h3 Bxf3 8. Bxf3 Nc6 9. Ne2 O-O 10. c3 a5
11. Qc2 h5 12. Bg5 Qe7 13. d4 exd4 14. cxd4 b6 15. Qxc6 Rad8 16. Nc3 Kh7 17. Nd5 Qd7 18. Nxf6+ Bxf6 19. Qxd7 Rxd7 20. Bxf6
1-0

[Event "8 Player Open 4"]
[Site "SchemingMind.com"]
[Date "2014.06.24"]
[Round "-"]
[White "alexyongpohweng"]
[Black "William Lindberg"]
[Result "0-1"]
[WhiteCountry "MAS"]
[BlackCountry "USA"]
[WhiteElo "1240"]
[WhiteRD "45"]
[BlackElo "1823"]
[BlackRD "118"]
[GameID "360383"]

1. e4 e5 2. Qh5 Nc6 3. Bc4 g6 4. Qf3 Qf6 5. Qxf6 Nxf6 6. Nc3 Nd4 7. Kd1 c6 8. Nf3 Nxf3 9. gxf3 Bc5 10. Rf1 b5
11. Be2 d6 12. a3 Bh3 13. Rg1 Bxf2 14. Rh1 Bg2 15. Re1 Bxe1 16. Kxe1 Nh5 17. d3 Bh3 18. Kd2 a5 19. Ke1 Kd7 20. Bf1 Bxf1
21. Kxf1 Ng7 22. b3 Ne6 23. Na2 Nd4 24. Be3 Nxc2
0-1